|
|
|
|
| LEADER |
00899nam a2200229 a 4500 |
| 001 |
1884577 |
| 008 |
100114s1982 ii bf b 001 0 eng d |
| 010 |
|
|
|a 83147669
|
| 020 |
|
|
|a 0195614291
|
| 040 |
|
|
|a DLC
|c DLC
|d DLC
|d BD-DhAAL
|
| 082 |
0 |
0 |
|a 307.7/2/0954
|2 19
|
| 100 |
1 |
|
|a Etienne, Gilbert.
|
| 245 |
1 |
0 |
|a India's changing rural scene, 1963-1979 /
|c Gilbert Etienne.
|
| 260 |
|
|
|a Delhi :
|b Oxford University Press,
|c 1982.
|
| 300 |
|
|
|a x, 231 p., [1] leaf of plates :
|b map ;
|c 23 cm.
|
| 504 |
|
|
|a Includes Bibliography (p. 217-220.) and index.
|
| 541 |
1 |
|
|e 00003473
|
| 650 |
|
0 |
|a Rural development
|z India.
|
| 651 |
|
0 |
|a India
|x Rural conditions.
|
| 852 |
4 |
|
|a Ayesha Abed Library
|j General shelf
|
| 999 |
|
|
|c 6978
|d 6978
|
| 952 |
|
|
|0 0
|1 0
|2 ddc
|4 0
|6 307_720954000000000_ETI_1982
|7 0
|9 7222
|a BRACUL
|b BRACUL
|c GEN
|d 2010-01-14
|g 0.00
|l 0
|o 307.720954 ETI
|p 3010003473
|r 2010-01-14
|t 1
|w 2010-01-14
|y BK
|z Not price in Register
|